De Madrid a Panticosa (Record no. 165526)

MARC details
000 -LEADER
campo de control de longitud fija 00934nam a22002175i 4500
001 - NÚMERO DE CONTROL
campo de control 165526
003 - IDENTIFICADOR DE NÚMERO DE CONTROL
campo de control ES-MaACL
005 - FECHA Y HORA DE LA ÚLTIMA TRANSACCIÓN
campo de control 20250911063600.0
008 - DATOS DE LONGITUD FIJA--INFORMACIÓN GENERAL
campo de control de longitud fija 940615s1878 sp |||| | spa d
040 ## - FUENTE DE CATALOGACIÓN
Centro catalogador/agencia de origen AR
Lengua de catalogación spa
080 ## - NÚMERO DE LA CLASIFICACIÓN DECIMAL UNIVERSAL
Número de la Clasificación Decimal Universal 913(460)
100 1# - ENTRADA PRINCIPAL--NOMBRE DE PERSONA
Nombre de persona Soler y Arqués, Carlos,
Fechas asociadas al nombre 1836-1896
9 (RLIN) 132802
245 10 - MENCIÓN DEL TÍTULO
Título De Madrid a Panticosa
Resto del título : viaje pintoresco a los pueblos históricos, monumentos y sitios legendarios del alto Aragón /
Mención de responsabilidad, etc. por Carlos Soler y Arques.
260 ## - PUBLICACIÓN, DISTRIBUCIÓN, ETC.
Lugar de publicación, distribución, etc. Madrid :
Nombre del editor, distribuidor, etc. [s.n.],
Fecha de publicación, distribución, etc. 1878 (
Fabricante Imp. de M. Minuesa de los Rios)
300 ## - DESCRIPCIÓN FÍSICA
Extensión 384 p. ;
Dimensiones 19 cm.
530 ## - NOTA DISPONIBLE DE FORMULARIO FÍSICO ADICIONAL
Nota de formato físico adicional disponible Disponible también en sitio web.
651 #4 - PUNTO DE ACCESO ADICIONAL DE MATERIA--NOMBRE GEOGRÁFICO
Nombre geográfico Huesca (Provincia)-
Subdivisión general Descripción.
9 (RLIN) 149188
852 ## - LOCALIZACIÓN
Ubicación ES-MaACL
Número de control de estantería D-1926
Nota libre -- Enc. piel grabada
condición física -- Falto de port.
856 ## - LOCALIZACIÓN Y ACCESO ELECTRÓNICOS
Identificador Uniforme de Recursos <a href="http://bibliotecadigitalhispanica.bne.es:80/webclient/DeliveryManager?pid=1837748&custom_att_2=simple_viewer">http://bibliotecadigitalhispanica.bne.es:80/webclient/DeliveryManager?pid=1837748&custom_att_2=simple_viewer</a>
Nota pública Ir a la página
Holdings
Estatus retirado Estado de pérdida Estado de daño No para préstamo Colección Biblioteca de origen Biblioteca actual Ubicación en estantería Fecha de adquisición Fuente de adquisición Total de préstamos Signatura topográfica completa Código de barras Visto por última vez Precio de reemplazo Tipo de ítem Koha
        Colección digital Biblioteca del Ateneo de Madrid Biblioteca del Ateneo de Madrid Sala Valle Inclán 17/01/2008     D-1926 901173586 23/02/2023 23/02/2023 Libro impreso antiguo